Vie et mort du roi Boiteux
Gardado en:
| Autor Principal: | |
|---|---|
| Formato: | Libro |
| Idioma: | Undetermined |
| Publicado: |
Quebec, Canadá
Leméac
1981
|
| Materias: | |
| Etiquetas: |
Engadir etiqueta
Sen Etiquetas, Sexa o primeiro en etiquetar este rexistro!
|
MARC
| LEADER | 00000nam a2200000Ia 4500 | ||
|---|---|---|---|
| 008 | 170316s9999 xx 000 0 und d | ||
| 040 | |a cru BVZT | ||
| 090 | |a 818 R-7.1v v.1 | ||
| 100 | |a Ronfard, Jean-Pierre | ||
| 245 | |a Vie et mort du roi Boiteux | ||
| 260 | |a Quebec, Canadá | ||
| 260 | |b Leméac | ||
| 260 | |c 1981 | ||
| 300 | |a 213 páginas Tomo 1. | ||
| 650 | |a LITERATURA CANADIENSE | ||
| 999 | |c 6635 |d 6635 | ||
| 942 | |c 15 D |h 818 R-7.1v v.1 |2 z | ||
